| 000 | 00594nam a22001571 4500 | ||
|---|---|---|---|
| 050 | 0 | 0 |
_aQD415 _b.B74 |
| 100 | 1 | _aBudzikiewicz, Herbert | |
| 245 | 1 | 0 |
_aStructure elucidation of natural products by mass spectrometry / _c[by] Herbert Budzikiewicz, Carl Djerassi [and] Dudley H. Williams. |
| 260 |
_aSan Francisco [USA] : _bHolden-Day Inc., _cc1964. |
||
| 300 | _a2 v. | ||
| 500 | _aCompanion volume to the author's Interpretation of mass spectra of organic compounds. | ||
| 650 |
_bMass spectrometry ; _bBiochemistry |
||
| 700 | 1 | _aDjerassi, Carl, | |
| 700 | 1 | _aWilliams, Dudley H., | |
| 942 | _cGEN | ||
| 999 |
_c2585 _d2585 |
||